Guess the Taylor Swift song with no hint 81 - Statistics

General Stats
  • This quiz has been taken 1,195 times
    1,126 since last reset
  • The average score is 267 of 339
Answer Stats
Answer % Correct
I
100%
a
98%
A
98%
you
98%
You
98%
the
96%
The
96%
an
94%
me
94%
your
94%
Your
94%
And
93%
and
93%
we
93%
be
91%
in
91%
When
91%
when
91%
it
90%
my
90%
on
90%
to
90%
To
90%
is
89%
like
88%
I'm
87%
they
86%
was
86%
Was
86%
are
84%
But
84%
all
83%
of
83%
know
82%
this
82%
said
81%
what
81%
for
80%
knew
78%
one
78%
nothin'
75%
now
75%
'Cause
74%
time
74%
I'd
73%
you'd
73%
You'd
73%
young
73%
back
72%
cardigan
72%
kiss
72%
old
72%
put
72%
under
72%
Under
72%
come
71%
favorite
71%
felt
71%
nothing
71%
assume
70%
bed
70%
friend
70%
none
69%
would
69%
Baby
68%
someone's
68%
two
67%
around
66%
everything
66%
needed
66%
bars
65%
better
65%
bleedin'
65%
cars
65%
girls
65%
long
65%
stars
65%
drew
64%
lose
64%
new
64%
scars
64%
downtown
63%
Hand
63%
High
63%
Once
63%
once
63%
Line
62%
line
62%
brand
61%
Dancin'
61%
heels
61%
phone
61%
standin'
61%
Levi's
60%
longest
60%
miss
60%
streetlight
60%
water
60%
Drunk
59%
front
59%
tee
59%
Vintage
59%
Chase
58%
father
58%
ifs
58%
porch
58%
Running
58%
tattoo
58%
last
56%
politics
56%
20
55%
black
55%
curse
55%
haunt
55%
Leavin'
55%
Chasin'
54%
cobblestones
54%
grocery
54%
lifetimes
54%
light
54%
lipstick
54%
smell
54%
sweatshirt
54%
expired
53%
hang
53%
losing
53%
shadows
53%
Peter
52%
Sensual
52%
smile
52%
Wendy
52%
smoke
51%
thrill
51%
bloodstain
48%
linger
48%
change
47%
ending
47%
train
46%
Marked
45%
Giving
44%
heartbeat
44%
Tried
43%
weekends
43%
Sequin
41%
hide
39%
Playing
38%
seek
38%
Steppin'
33%
No matching quizzes found
Score Distribution
Percent of People with Each Score
Percentile by Number Answered
Your Score History
You have not taken this quiz since the last reset